Skip to main content
Your cart is empty.
Your lists
Log in to create your own lists
Your cookies
العربية
English
العربية
Home
Search
Advanced search
Authority search
About
The noble scholar, jurist, historian
His Excellency Dr. Abdul Wahhab bin Ibrahim Abu Sulaiman, may Allah have mercy on him.
He was born in Umm Al-Qura in the year 1356 AH.
Library catalog
Title
Author
Subject
ISBN
ISSN
Series
Call number
Log in to your account
×
Login:
Password:
Home
MARC view: موارد الإمام البيهقي في كتابه السنن الكبرى مع دراسة نقدية لمنهجه فيها /
Normal view
MARC view
ISBD view
موارد الإمام البيهقي في كتابه السنن الكبرى مع دراسة نقدية لمنهجه فيها / (Record no. 12489)
[
view plain
]
MARC details
000 -LEADER
fixed length control field
01192cam a22002771i 4500
003 - CONTROL NUMBER IDENTIFIER
control field
SA-RiAUC
005 - DATE AND TIME OF LATEST TRANSACTION
control field
20251010165826.0
008 - FIXED-LENGTH DATA ELEMENTS--GENERAL INFORMATION
fixed length control field
251010s1990 su g 000 0dara c
040 ## - CATALOGING SOURCE
Original cataloging agency
JO-MaAABU
Language of cataloging
ara
Transcribing agency
SA-RiAUC
Description conventions
rda
082 04 - DEWEY DECIMAL CLASSIFICATION NUMBER
Classification number
237.16
090 ## - LOCALLY ASSIGNED LC-TYPE CALL NUMBER (OCLC); LOCAL CALL NUMBER (RLIN)
Classification number (OCLC) (R) ; Classification number, CALL (RLIN) (NR)
237.16
Local cutter number (OCLC) ; Book number/undivided call number, CALL (RLIN)
خ ل ف
100 1# - MAIN ENTRY--PERSONAL NAME
Personal name
خلف، نجم عبد الرحمن
Relator term
مؤلف.
245 10 - TITLE STATEMENT
Title
موارد الإمام البيهقي في كتابه السنن الكبرى مع دراسة نقدية لمنهجه فيها /
Statement of responsibility, etc.
نجم عبد الرحمن خلف.
250 ## - EDITION STATEMENT
Edition statement
الطبعة الأولى.
264 #1 - PRODUCTION, PUBLICATION, DISTRIBUTION, MANUFACTURE, AND COPYRIGHT NOTICE
Place of production, publication, distribution, manufacture
الرياض :
Name of producer, publisher, distributor, manufacturer
مكتبة الرشد،
Date of production, publication, distribution, manufacture, or copyright notice
1990.
300 ## - PHYSICAL DESCRIPTION
Extent
81 صفحة،
Dimensions
24 سم
336 ## - CONTENT TYPE
Content type term
نص
Content type code
txt
Source
rdacontent
Materials specified
كتاب
337 ## - MEDIA TYPE
Media type term
بدون وسيط
Media type code
n
Source
rdamedia
338 ## - CARRIER TYPE
Carrier type term
مجلد
Carrier type code
nc
Source
rdacarrier
600 17 - SUBJECT ADDED ENTRY--PERSONAL NAME
Personal name
البيهقي، أحمد بن الحسين بن علي،
Dates associated with a name
384-458 هجري
Source of heading or term
aucnm
650 #7 - SUBJECT ADDED ENTRY--TOPICAL TERM
Topical term or geographic name entry element
الحديث
General subdivision
سنن البيهقي
Form subdivision
مصادر
Source of heading or term
aucsh
700 12 - ADDED ENTRY--PERSONAL NAME
Personal name
البيهقي، أحمد بن الحسين بن علي،
Dates associated with a name
384-458 هجري
Title of a work
السنن الكبرى.
740 22 - ADDED ENTRY--UNCONTROLLED RELATED/ANALYTICAL TITLE
Uncontrolled related/analytical title
السنن الكبرى.
942 ## - ADDED ENTRY ELEMENTS (KOHA)
Source of classification or shelving scheme
Dewey Decimal Classification
Koha item type
Books
949 ## - LOCAL PROCESSING INFORMATION (OCLC)
a
SA-JeALM
d
251010
u
khaled123
n
1
Holdings
Withdrawn status
Lost status
Source of classification or shelving scheme
Damaged status
Not for loan
Home library
Current library
Date acquired
Total checkouts
Full call number
Barcode
Date last seen
Price effective from
Koha item type
Dewey Decimal Classification
DR AbdElwahab Library
DR AbdElwahab Library
10/10/2025
237.16 خ ل ف
000020118
10/10/2025
10/10/2025
Books
Dewey Decimal Classification
DR AbdElwahab Library
DR AbdElwahab Library
10/10/2025
237.16 خ ل ف
000020119
10/10/2025
10/10/2025
Books
Place hold
Print
Add to your cart
(remove)
Save record
BIBTEX
Dublin Core
MARCXML
MARC (non-Unicode/MARC-8)
MARC (Unicode/UTF-8)
MARC (Unicode/UTF-8, Standard)
MODS (XML)
RIS
ISBD
More searches
Search for this title in:
Other Libraries (WorldCat)
Other Databases (Google Scholar)
Online Stores (Bookfinder.com)
Open Library (openlibrary.org)
Exporting to Dublin Core...
×
Simple DC-RDF
OAI-DC
SRW-DC